[North American Lepidoptera] /

Bibliographic Details
Main Author: Grote, Augustus Radcliffe, 1841-1903
Format: Book
Language:English
Published: Buffalo : Buffalo Society of Natural Sciences, [1873-1877]
Subjects:

MARC

Tag First Indicator Second Indicator Subfields
LEADER 00000cam a2200000Ia 4500
001 in00002782261
005 20150922121539.0
008 120514m18731877nyuf 000 0 eng d
035 |a (OCoLC)ocn793521507 
035 |a (OCoLC)793521507 
040 |a TXA  |c TXA  |d TXA  |d UtOrBLW 
043 |a n------ 
049 |a TXAM 
090 |a QL548  |b .G76 1873 
100 1 |a Grote, Augustus Radcliffe,  |d 1841-1903. 
245 1 0 |a [North American Lepidoptera] /  |c by Aug. R. Grote. 
246 1 |i Binder's title:  |a Lepidoptera 
264 1 |a Buffalo :  |b Buffalo Society of Natural Sciences,  |c [1873-1877] 
300 |a 1 volume (various pagings), plates :  |b illustrations (some color) ;  |c 24 cm. 
336 |a text  |b txt  |2 rdacontent 
337 |a unmediated  |b n  |2 rdamedia 
338 |a volume  |b nc  |2 rdacarrier 
500 |a Papers detached from: Bulletin of the Buffalo Society of Natural Sciences, volumes 1 to 3. 
500 |a Title devised by cataloger. 
505 0 |a [From vol. 1]: I. Description of new North American moths (p. 1-46) -- II. Catalogue of the Sphingidae of North America (p. 17-28) -- III. Catalogue of the Zygaenidae of North America -- (p. 29-36) -- IV. Conclusions drawn from a study of the genera Hypena and Herminia (p. 37-40) -- VI. Contributions to a knowledge of North American moths (p. 73-94) -- VII. A study of North American Noctuidae (p. 95-128) -- VIII. Descriptions of Noctuidae principally from California (p. 129-155) -- IX. On the North American Geometridae in the collection of the British Museum (p. 156-16) -- XI. Kleiner Beitrag zur Kenntniss einiger Nordamerikanischer Lepidoptera (p. 168-174) -- XII. Description of the genera Argyrophyes and Condylolomia and a species of Deuterollyta (p. 175-177) -- XIII. Description of a butterfly new to the Lower Lake Region (p. 178-179) -- XIV. Description of three genera of Noctuidae (p. 180-182) -- XV. On Wallengren's "Lepidoptera Scandinaviae Heterocera disposita et descripta" (p. 183-184) -- XVI. On the butterflies of Anticosti (p. 185) -- XVII. Notes on North American Lepidoptera (p.186-189) -- XVIII. On eight species of Noctuidae (p. 190-194) -- XXVIII. Determination of Brazilian Sphingidae collected by Mr. Charles Linden (p. 279-281) -- [from vol. 2]: II. List of the Noctuidae of North America (p. [1]-77) -- Catalogue of the Coleoptera from the region of Lake Pontchartrain, La. (p. 78) -- IV. On the species of Helicopis inhabiting the valley of the Amazon (p. 106-108) -- VII. Additions to the "List of North American Noctuidae" (p. 122-126) -- IX. New Noctuae (p. 143-144) -- X. Notes on American Lepidoptera with descriptions of twenty-one new species (p. 145-163) -- XI. Determination of the species of moths figured in the "Natural history of New York" (p. 164-168) -- XV. On allied species of Noctuidae inhabiting Europe and North America (p. 193-200) -- XVII. Supplement to the list of North American Noctuidae (p. 209-223) -- XVIII. Check list of North American Sphinges (p. 224-228) -- IX. North American Pyralides (p. 229-232) -- XXIII. On the genus Agrotis with additions to the "List of North American Noctuidae" (p. 301-312) -- XXIV. On allied species of Noctuidae inhabiting Euope and North America (p. 313-316) -- [from vol. 3]: VII. On Noctuidae from the Pacific coast of North America (p. 77-88) -- XIII. On certain species of Black-winged Catocala (p. 187-188) --XVII. New check list of North American Sphingidae (p. 220-225). 
650 0 |a Lepidoptera  |z North America. 
730 0 |a Bulletin of the Buffalo Society of Natural Sciences. 
994 |a C0  |b TXA 
948 |a cataloged  |b h  |c 2012/10/2  |d o  |e nbehmer  |f 1:50:21 pm 
999 |a MARS 
999 f f |s 2092d792-a66c-315b-936e-9bdbec61a93d  |i 3fcecdb5-99c4-34d7-8dfb-93864435a4b4  |t 0 
952 f f |p normal  |a Texas A&M University  |b College Station  |c Sterling C. Evans Library  |d Evans: Library Stacks  |t 0  |e QL548 .G76 1873  |h Library of Congress classification  |i unmediated -- volume  |m A14841515697 
998 f f |a QL548 .G76 1873  |t 0  |l Evans: Library Stacks